[Event "IECC M email"]
[Site "IECC email"]
[Date "2001.08.05"]
[Round "?"]
[White "Baysinger, Judee"]
[Black "Jenner, J William"]
[Result "0-1"]
[WhiteElo "1180"]
[BlackElo "1400"]
[PlyCount "26"]
[EventDate "2001.??.??"]
[EventType "tourn (corr)"]
[EventRounds "6"]
[SourceTitle "Corr 2008"]
[Source "ChessBase"]
[SourceDate "2008.06.24"]
[SourceVersion "1"]
[SourceVersionDate "2008.06.24"]
[SourceQuality "1"]

1. e4 e5 2. Nf3 f5 3. Nxe5 Qf6 4. Nc4 fxe4 5. b4 Qg6 6. Ne5 Qf5 7. d4 exd3 8. Ng4 dxc2 9. Qd2 Qxg4 10. Qxc2 Qxb4+ 11. Kd1 Nf6 12. a3 Qd4+ 13. Ke1 Bc5 0-1